000 00301nam a22001097a 4500
040 _cHS
100 _aCHAHERUBE DAWSON
245 _aintroduction research methods a practical guide for anyone undertaking a research project
260 _aBritish
_bCHAHERUBE DAWSON
_c2009
300 _a166p;
942 _cEK
999 _c9668
_d9668